Central Library OPAC University of Rajshahi

Introductory statistics for biology / (Record no. 51246)

MARC details
000 -LEADER
fixed length control field 00795nam a2200253 a 4500
001 - CONTROL NUMBER
control field 51246
003 - CONTROL NUMBER IDENTIFIER
rucl marc code BD-RjUL
005 - DATE AND TIME OF LATEST TRANSACTION
control field 20211209075630.0
008 - FIXED-LENGTH DATA ELEMENTS--GENERAL INFORMATION
fixed length control field 880808r19801979enka 000 0 eng
020 ## - INTERNATIONAL STANDARD BOOK NUMBER
International Standard Book Number 0713127295
035 ## - SYSTEM CONTROL NUMBER
System control number (BD-RjUL)51366
040 ## - CATALOGING SOURCE
Original cataloging agency BD-RjUL
Language of cataloging eng
Transcribing agency BD-RjUL
Modifying agency BD-RjUL
041 ## - LANGUAGE CODE
Language code of text/sound track or separate title eng
082 ## - DEWEY DECIMAL CLASSIFICATION NUMBER
Edition number 23
Classification number 519.5024574
Author mark and year PAI 1980
100 1# - MAIN ENTRY--PERSONAL NAME
Personal name Parker, R. E.
Fuller form of name (Reginald Ernest)
9 (RLIN) 153302
245 10 - TITLE STATEMENT
Title Introductory statistics for biology /
Statement of responsibility, etc. R.E. Parker.
250 ## - EDITION STATEMENT
Edition statement 2nd ed.
260 ## - PUBLICATION, DISTRIBUTION, ETC. (IMPRINT)
Place of publication, distribution, etc. London :
Name of publisher, distributor, etc. Edward Arnold,
Date of publication, distribution, etc. 1979 [reprinted 1980].
300 ## - PHYSICAL DESCRIPTION
Pagination vi, 122 p. :
Illustrations ill. ;
Size 22 cm.
490 1# - SERIES STATEMENT
Series statement Institute of Biology's studies in biology ;
Volume/sequential designation 43
650 #0 - SUBJECT ADDED ENTRY--TOPICAL TERM
Topical term or geographic name as entry element Biometry.
9 (RLIN) 153303
830 #0 - SERIES ADDED ENTRY--UNIFORM TITLE
Uniform title Institute of Biology's studies in biology ;
Volume number/sequential designation 43
942 ## - ADDED ENTRY ELEMENTS (KOHA)
Source of classification or shelving scheme Dewey Decimal Classification
Koha item type Books
Holdings
Lost status Source of classification or shelving scheme Damaged status Not for loan Collection code Permanent Location Current Location Shelving location Date acquired Source of acquisition Cost, normal purchase price Total Checkouts Full call number Date last seen Copy number Koha item type
  Dewey Decimal Classification     Non-fiction Central Library, University of Rajshahi Central Library, University of Rajshahi   02/07/1982 Heffer 2.75   519.5024574 PAI 1980 30/08/2016 C-2 Books